000
00270nam a22001097a 4500
082
_a
370/SHA
100
_a
Sharma,Sita Ram
_9
81393
245
_a
Educational Psychology and Child Development
260
_a
Delhi
_b
S.K. Publcation
_c
2022
650
_a
Education
942
_c
BK
999
_c
65395
_d
65395